000 01815nam a2200241 i 4500
001 43795
003 ES-MaACL
005 20251113180109.0
007 t|
008 030318s1841 sp ||||1| spa d
245 0 0 _aCausas formadas a consecuencia de la sedición militar que tuvo lugar en esta corte en la noche del 7 de octubre de 1841 /
_cpublicadas por Don Nemesio Fernández Cuesta, Don Francisco de P. Madrazo y Don Juan Pérez Calvo, taquígrafos... del Senado.
260 _aMadrid :
_b[s.n.],
_c1841 (
_fImp. de la Compañía General de Impresores y Libreros)
300 _a1 v. ;
_c19 cm.
505 8 _aContiene: Causa de los generales D. Diego León y D. Manuel de la Concha. Defensa del teniente general D. Diego de León, por D. Federico de Roncali. Causa del brigadier de infantería Fernando Norzagoray. Causa del brigadier Gregorio Quiroga y del conde de Requena. Sumarias en averiguación de la conducta que observaron varios sugetos [sic] en la citada noche. Causa de varios gefes [sic] y oficiales del Regimiento de Infantería de la Princesa. Causa del teniente coronel D. Dámaso Fulgosio y del coronel D. José Fulgosio. Causa del comandante José María Marquesí. Causa del brigadier Pezuela, de Garzón Sánchez Torres, del coronel Córdoba y del duque de San Carlos. Apuntes sobre los últimos momentos de D. Manuel Montes de Oca
530 _aDisponible en formato digital.
650 _aProcesos-
_zEspaña.
_9157314
700 1 _aFernández Cuesta, Nemesio,
_d1818-1893
_949614
700 1 _aMadrazo, Francisco de Paula.
_975338
700 1 _aPérez Calvo, Juan,
_dm.1870
_990698
852 _aES-MaACL
_jD-892
856 _uhttp://bibliotecavirtual.asturias.es/i18n/consulta/registro.cmd?id=3940
_zBiblioteca Virtual del Principado de Asturias
999 _c43795
_d43795